00672nam a2200181 i 450000100060000000300090000600500170001500700030003200800410003510000260007624501180010226000420022030000220026270000350028485200320031999900170035195201220036864237ES-MaACL20230906165058.0t|031223s1971 xxu ||||1| spa d1 aFlores, Angel.95125113aLa novela hispanoamericana actual b: compilación de ensayos críticos / cAngel Flores, Raul Silva Cáceres. a[New York] : bLas Americas, c[1971] a297 p. ; c22 cm.1 aSilva Cáceres, Raul.9106387 aES-MaACLjC-41127 bR.80273 c64237d64237 00104070aATENEOMbATENEOMcDEPO2d2008-01-17eSCl0oC-41127p1067315r2023-02-23 00:00:00w2023-02-23yMONOGRAFIA